| 000 | 00739nam a2200217Ia 4500 | ||
|---|---|---|---|
| 008 | 191130s2005##################000#0#eng## | ||
| 020 | _a9780198147947 | ||
| 022 | _a92043486 | ||
| 040 |
_aACL _cACL |
||
| 082 | _a721.5 WIN | ||
| 100 | _aWinter, Nancy A | ||
| 245 |
_aGreek architectural terracottas : from the prehistoric to the end of the archaic period _cNancy A. Winter |
||
| 260 |
_aOxford _bClarendon Press _c2005 |
||
| 300 | _axxxvii, 360 p., 32 p. of plates : ill., maps ; 26 cm | ||
| 500 | _aIncludes bibliographical references and index | ||
| 650 | _aArchitectural terra-cotta - Greece | ||
| 650 | _aArchitecture, Ancient - Greece | ||
| 990 | _a5e49bf84ac10000c35615d1c9e7bb288 | ||
| 991 | _a303922 | ||
| 999 |
_c198095 _d198095 |
||